000 nam a22 7a 4500
999 _c49906
_d49906
003 OSt
005 20200318133208.0
008 200318b xxu||||| |||| 00| 0 eng d
040 _cSERO SOFT
100 _aCHANDRA SOTI SHIVANDRA
245 _aKNOWLEDGE, LANGUAGE & CURRICULUM
250 _aNEW
260 _aMEERUT
_bR. LALL
300 _a278
942 _2ddc
_c01